Регионална библиотека "Любен Каравелов" - Русе

Справочник по изчислителна техника (Запис номер 59325)

MARC детайли
000 -Лидер
Контролно поле с фиксирана дължина 01610nam a2200349 c 4500
003 - Код на организацията, давaща контролен номер
Контролно поле BLK
005 - Дата и час на последна редакция
Контролно поле 20180422102242.0
008 - Елементи от данни с фиксирана дължина
fixed length control field 180408b bul|||||r ||||||| ||bul||
010 ## - Наследен системен номер
LC control number KNG00063415000
040 ## - Източник на каталожния запис
Идентификатор на билиотеката - собственик на записа BLK
041 ## - Код за език
Код за езика на текст/звукозапис или на отделно заглавие Български
Код за езика КДБФ Български
080 ## - УДК
Текстов определител УДК Програмиране и теория на изчислителните машини. Вж и 519.85; 681.3.06
УДК код - определител по УДК 519.68
УДК определител (035)
УДК - код + определител 519.68(035)
080 ## - УДК
Текстов определител УДК Програмно осигурявяне (Софтуер). Вж и 519.68 ; 800.92
УДК код - определител по УДК 681.3.06
УДК определител (035)
УДК - код + определител 681.3.06(035)
100 1# - Редна дума - Автор
Автор Боровски, Борис Христов
Авторска отговорност първи автор
R(LIN) 288907
139 ## - Редно поле
Редна дума Справочник по изчислителна техника
Авторски знак
245 10 - Сведения за заглавието
Заглавие Справочник по изчислителна техника
Подзаглавни данни Програмиране и програмно осигуряване на ЦЕИМ
Редно поле (дума) Борис Христов Боровски; обща ред. на Борис Христов Боровски.
257 ## - Страна на издаване
Страна на създаване/издаване България
260 ## - Област на издателските данни
-- София
Име на издателя, разпространителя и проч. Техника
Година на издаване 1990
300 ## - Физическа характеристика
Страници 349 с.
Размери/Мащаб 24 см
380 ## - Жанр
Жанр Естествени науки. Математика
650 #4 - Допълнително описание по предмет – тема
Основно описание – тема или топоним Изчислителни машини
9 (RLIN) 257185
650 #4 - Допълнително описание по предмет – тема
Основно описание – тема или топоним Езици за програмиране - справочници
9 (RLIN) 258048
653 ## - Ключова дума – ненормативна
Ключова дума изчислителни машини
653 ## - Ключова дума – ненормативна
Ключова дума езици за програмиране
653 ## - Ключова дума – ненормативна
Ключова дума справочници
700 1# - Други автори (авторска отговорност)
Лично име Боровски, Борис Христов
Автороска отговорност (Описва отношението между автора и произведението) обща ред. на
9 (RLIN) 369759
852 ## - Местоположение
Форматна сигнатура Цб 165321
856 4# - Електронен адрес и достъп
Електронен формат pdf - файл
Път до файла /url/
856 4# - Електронен адрес и достъп
Електронен формат pdf - файл
Път до файла /url/
942 ## - АРТИКУЛИ
Вид на библиотечния материал Книги
Скрит в OPAC Не
944 ## - СЪЗДАВАНЕ И РЕДАКЦИЯ на ЗАПИСА
Създаване/Редакция Създаване
Дата на регистрацията/редакция 13.06.2004
Служител, извършил регистрацията/редакцията Читалня
944 ## - СЪЗДАВАНЕ И РЕДАКЦИЯ на ЗАПИСА
Създаване/Редакция Редакция
Дата на регистрацията/редакция 24.09.2015
Служител, извършил регистрацията/редакцията
999 ## - СИСТЕМНИ КОНТРОЛНИ НОМЕРА
Koha biblionumber 59325
Koha biblioitemnumber 59325
Наличности
Код за отписване Код за изгубен артикул Източник на класификационната схема Код за повреда Коз за рестрикции Код за отдаване Артикулен № Име на библиотеката - собственик Име на библиотеката, в която се намира в момента Статус (Текущо местоположение) Дата на вписване в системата Местоположение - отдел Цена в лева Инвентарен номер Систематично азбучна сигнатура Баркод Номер на екземпляра Цена в евро Служебна бележка Служебен тип на артикула
Изтеглен Не е изгубен Universal Decimal Classification Не е повреден без рестрикции ползва се в читалня 96803 Регионална библиотека "Любен Каравелов" Русе Регионална библиотека "Любен Каравелов" Русе Читалня 1993-01-01 Читалня 15.00 546064 Ч 519.68/С59 120000546064 1 7.67 Дата инв: 15.03.2017 Бележки инв: Ч2017 Книги
Изтеглен Не е изгубен Universal Decimal Classification Не е повреден без рестрикции заемане за дома 96804 Регионална библиотека "Любен Каравелов" Русе Регионална библиотека "Любен Каравелов" Русе Заемна - подръчен фонд 1990-01-01 Заемна - подръчен фонд 15.00 546062 П 519.68/С59 546062 2 7.67 N: стар фонд Дата: 01.01.1990 Книги
Изтеглен Не е изгубен Universal Decimal Classification Не е повреден без рестрикции заемане за дома 96805 Регионална библиотека "Любен Каравелов" Русе Регионална библиотека "Любен Каравелов" Русе Заемна - подръчен фонд 1990-01-01 Заемна - подръчен фонд 15.00 546063 П 519.68/С59 546063 3 7.67 N: стар фонд Дата: 01.01.1990 Книги
  Не е изгубен Universal Decimal Classification Не е повреден без рестрикции ползва се в читалня 96806 Регионална библиотека "Любен Каравелов" Русе Регионална библиотека "Любен Каравелов" Русе Хранилище 1990-01-01 Хранилище 15.00 545158 Цб 165321 120000545158 4 7.67 N: стар фонд Дата: 01.01.1990 Книги
Vip Innovations Ltd, Rousse, Bulgaria 2025